Statistics for Better Call Saul Trivia #E

Click here to take the quiz!

General Stats

  • This quiz has been taken 18 times
  • The average score is 10 of 15

Answer Stats

HintAnswer% Correct
Cartels bossEladio
100%
The DisappearerEd
91%
Mikes surnameEhrmantraut
82%
Gets supplies for Chuck after Jimmy stops toErnesto
82%
"Welcome to the law offices of James McGill __"Esquire
82%
__ is the act or process of digging, like the superlabExcavation
82%
Gustavo Frings actorGiancarlo Esposito
82%
Lalos real nameEduardo
73%
Jimmy practises in __ __ before becoming a crminal defense lawyerElder law
73%
Chucks self-diagnosed condition: EHS spelled outElectromagnetic hypersensitivity
64%
Works at Davis & Main and tutors JimmyErin
45%
So Jimmy traps her with him in an __ to make dealsElevator
36%
Assistant district attorney at Bernadillo CountyEriksen
27%
Restaurant Kim and Jimmy meet discussing clientsEl Camino
18%
Reastaurant, where the Salamancas do their businessEl Michoacano
18%

Score Distribution

Percentile by Number Answered

Percent of People with Each Score

Your Score History

You have not taken this quiz